| 000 | 00722nas a2200205 a 4500 | ||
|---|---|---|---|
| 999 |
_c35389 _d35389 |
||
| 003 | OSt | ||
| 005 | 20240923154707.0 | ||
| 007 | cb e | ||
| 008 | 030604c2016 esp r 00011 spa d | ||
| 022 | _a2519-5085 | ||
| 040 | _cBMC | ||
| 082 | _a310 | ||
| 245 | 1 | 0 |
_aIndicadores de vinculación, de las Instituciones de Educación Superior (IES), con el entorno socioeconómico en El Salvador. 2015-2021 _c[Ricardo Cardona Alvarenga, presidente] |
| 260 |
_aSan Salvador, El Salvador _bConsejo Nacional de Ciencia y Tecnología _c2021 |
||
| 300 |
_a45 p. _c28 cm |
||
| 490 | _aCiencia y tecnología | ||
| 650 | 2 | 4 |
_aEstadística _94760 |
| 700 | 1 |
_948919 _aCardona Alvarenga, Ricardo |
|
| 942 |
_2ddc _cPR _hprozim |
||